Windows Phone 7&7.5 Mango (Record no. 15398)

000 -LEADER
fixed length control field 00961nmm a2200289 a 4500
001 - CONTROL NUMBER
control field ocm0001411493
003 - CONTROL NUMBER IDENTIFIER
control field TR-IsHL
005 - DATE AND TIME OF LATEST TRANSACTION
control field 20201028163623.0
008 - FIXED-LENGTH DATA ELEMENTS--GENERAL INFORMATION
fixed length control field 160220s2011 tu tur
007 - PHYSICAL DESCRIPTION FIXED FIELD--GENERAL INFORMATION
fixed length control field cr cn
020 ## - INTERNATIONAL STANDARD BOOK NUMBER
International Standard Book Number 9786054205615
035 ## - SYSTEM CONTROL NUMBER
System control number 1411493
-- (N$T)
050 04 - LIBRARY OF CONGRESS CALL NUMBER
Classification number QA76.76.C672
Item number A83 2011
090 04 - LOCALLY ASSIGNED LC-TYPE CALL NUMBER (OCLC); LOCAL CALL NUMBER (RLIN)
Classification number (OCLC) (R) ; Classification number, CALL (RLIN) (NR) QA76.76.C672
Local cutter number (OCLC) ; Book number/undivided call number, CALL (RLIN) A83 2011
100 1# - MAIN ENTRY--PERSONAL NAME
Personal name Atasever, Volkan
245 10 - TITLE STATEMENT
Title Windows Phone 7&7.5 Mango
Medium [electronic resource] /
Statement of responsibility, etc. Volkan Atasever
260 ## - PUBLICATION, DISTRIBUTION, ETC.
Place of publication, distribution, etc. İstanbul :
Name of publisher, distributor, etc. Kodlab,
Date of publication, distribution, etc. 2011
300 ## - PHYSICAL DESCRIPTION
Extent 313 p.
650 #4 - SUBJECT ADDED ENTRY--TOPICAL TERM
Topical term or geographic name entry element Bilgisayar
650 #4 - SUBJECT ADDED ENTRY--TOPICAL TERM
Topical term or geographic name entry element Computer Sciences
650 #0 - SUBJECT ADDED ENTRY--TOPICAL TERM
Topical term or geographic name entry element Akıllı telefonlar
General subdivision Programlama
650 #0 - SUBJECT ADDED ENTRY--TOPICAL TERM
Topical term or geographic name entry element Smartphones
General subdivision Programming
650 #0 - SUBJECT ADDED ENTRY--TOPICAL TERM
Topical term or geographic name entry element Uygulamalı yazılım
General subdivision Geliştirme
650 #0 - SUBJECT ADDED ENTRY--TOPICAL TERM
Topical term or geographic name entry element Application software
General subdivision Development
650 #7 - SUBJECT ADDED ENTRY--TOPICAL TERM
Topical term or geographic name entry element COMPUTERS / Programming / Mobile Devices
Source of heading or term bisacsh
856 40 - ELECTRONIC LOCATION AND ACCESS
Uniform Resource Identifier <a href="http://search.ebscohost.com/login.aspx?direct=true&scope=site&db=e011xww&AN=1411493">http://search.ebscohost.com/login.aspx?direct=true&scope=site&db=e011xww&AN=1411493</a>
Holdings
Withdrawn status Lost status Source of classification or shelving scheme Damaged status Not for loan Collection code Permanent Location Current Location Date acquired Total Checkouts Full call number Barcode Date last seen Price effective from Koha item type
        Online   Kıbrıs Amerikan Üniversitesi Kütüphanesi / American University of Cyprus Kıbrıs Amerikan Üniversitesi Kütüphanesi / American University of Cyprus 28.10.2020   QA76.76.C672 A83 2011 1411493 28.10.2020 28.10.2020 E-Kitap
Devinim Yazılım Eğitim Danışmanlık tarafından Koha'nın orjinal sürümü uyarlanarak geliştirilip kurulmuştur.